000
00297nam a22001217a 4500
008
230620b xxu||||| |||| 00| 0 eng d
082
_a
327.1
_b
UNI
100
_c
UNI
245
_a
Disarmament
_b
Naval Confidence-building Measures
260
_a
Newyork
_b
UN
_c
1990
300
_a
320p
942
_2
ddc
_c
BK
999
_c
1863
_d
1863